000 01224nam a2200277 a 4500
003 OSt
005 20231023130503.0
008 231004s2023 mx a|||fom||| 001 0 spa d
040 _erda
100 1 _9188072
_aArteaga Alarcón, José Francisco
245 1 _aPrototipado del data cosechador para fruta de bola TZ 135 /
_cpor José Francisco Arteaga Alarcón ; director de tesis Luis Arturo Soriano Avendaño.
264 1 _aChapingo, México :
_bEl autor,
_c2023.
300 _a1 recurso en línea (104 páginas):
_bcuadros, figuras.
336 _2rdacontent
_atexto
_btxt
337 _2rdamedia
_acomputadora
_bc
338 _2rdacarrier
_arecurso en línea
_bcr
502 _bIMtA
_cMecánica
_d2023.
_gLIC
504 _aIncluye referencias bibliográficas: páginas 90-95.
650 4 _971168
_aMaquinaria agrícola
_xDiseño
650 4 _971209
_aMaquinaria de recolección
650 4 _943656
_aFruta
_xRecolección
650 4 _991779
_aProcesamiento automático de datos en fruticultura
700 1 _9188075
_aSoriano Avendaño, Luis Arturo
_eDirector de tesis.
856 _uhttp://10.13.5.2/tesis/tl/1410154-3_ARTEAGA_ALARCON_JOSEFRANCISCO.pdf
_zDESCARGAR PDF
942 _2Clasificación Universidad Autónoma Chapingo
999 _c219214
_d219214